000 00404nam a2200145Ia 4500
008 230917s9999||||xx |||||||||||||| ||und||
040 _e79660
_aMAIN
041 _aEnglish
082 _a387.5 B399I
100 _aBekiashev, Kamil A
245 0 _aInternational marine organizations: Essays on structure and activities
260 _aHague
_bMartinus Nijhoff
_c1981
300 _axxii, 578 p.
942 _cBK
999 _c40161
_d40161